000 00304nam a22001217a 4500
008 180515b xxu||||| |||| 00| 0 eng d
041 _aeng
080 _a043.3
100 _a0
101 _aARK-BTH
245 _aNdërtesë edukative-banimore: Qerdhe& kopësht për fëmijë
_cHoxhaj,L
942 _2udc
_cBK
999 _c45787
_d45787